Химия алкалоидов (ბიბ.ჩანაწერი № 37002)
[ მარტივი ფორმატი ]
| 000 -LEADER | |
|---|---|
| fixed length control field | 00609nam a2200229Ia 4500 |
| 001 - CONTROL NUMBER | |
| control field | 2954 |
| 003 - CONTROL NUMBER IDENTIFIER | |
| control field | GE_BSU |
| 008 - FIXED-LENGTH DATA ELEMENTS--GENERAL INFORMATION | |
| fixed length control field | 181216s||||||||xx |||||||||||||| ||und|| |
| 040 ## - CATALOGING SOURCE | |
| Transcribing agency | GE_BSU |
| 080 ## - UNIVERSAL DECIMAL CLASSIFICATION NUMBER | |
| Universal Decimal Classification number | 547.94 |
| 100 ## - MAIN ENTRY--PERSONAL NAME | |
| Personal name | Орехов,А.П |
| 245 ## - TITLE STATEMENT | |
| Title | Химия алкалоидов |
| 245 ## - TITLE STATEMENT | |
| Statement of responsibility, etc. | Отв.Ред.В.М.Родионов |
| 250 ## - EDITION STATEMENT | |
| Edition statement | Издание: второе,исправленное и дополненное |
| 260 ## - PUBLICATION, DISTRIBUTION, ETC. | |
| Place of publication, distribution, etc. | М |
| 260 ## - PUBLICATION, DISTRIBUTION, ETC. | |
| Name of publisher, distributor, etc. | Академии наук СССР |
| 260 ## - PUBLICATION, DISTRIBUTION, ETC. | |
| Date of publication, distribution, etc. | 1955 |
| 300 ## - PHYSICAL DESCRIPTION | |
| Extent | 860стр. |
| 300 ## - PHYSICAL DESCRIPTION | |
| Dimensions | 26см |
| 653 ## - INDEX TERM--UNCONTROLLED | |
| Uncontrolled term | Химия |
| 942 ## - ADDED ENTRY ELEMENTS (KOHA) | |
| Koha item type | წიგნი |
არაა ხელმისაწვდომი ეგზემპლარები.
